000 00615nam a22002297a 4500
003 UA-OsUOA
001 49022
007 ta
008 20070917b un ||||| |||| 00| 0 ukr d
100 _aМаслов С.
090 _a82.09
_bМ31
942 _cBK
040 _aUA-OsUOA
_brus
_cUA-OsUOA
_dUA-OsUOA
245 _aКирилл Транквилион- Ставровецкий
300 _a242 с.
955 _a3
041 _arus
080 _a82.09
260 _aК.
_bНаукова думка
_c1984
650 7 _a82 Література. Літературознавство
_2UDC
999 _c335130
_d335130